000 00966nam a22002537a 4500
999 _c8269
_d8269
003 AR-CdUCM
008 190322b ||||| |||| 00| 0 spa d
020 _a84-205-0695-8
040 _aMUNICIPALIDAD PROVINCIAL DEL CUSCO
_cBIBLIOTECA MUNICIPAL DEL CUSCO
082 _a709.46 /
_bB92
100 _aBuendía, Rogelio
_923175
245 _aHistoria del Arte Hispánico :
_bVI El siglo XX /
260 _aMadrid :
_bAlhambra,
_c1978.
300 _a328 paginas ;
_bIlustraciones,
_c23 cm.
440 _aHistoria del Arte Hispánico
_923266
505 _aContenido :La arquitectura historicista y los problemas del lenguaje --Los primeros contactos con la vanguardia Europea --La nueva política municipal: La alternativa socialista de gestión ...
650 _aArte española
_923207
650 _aHistoria
_943867
650 _aEspaña
_9176
700 _aCarlos Sambracio
_923267
700 _aRivera Echegaray
_923268
942 _2ddc
_cLIBROS
945 _arjall